The Mughal Empire - Statistics

General Stats
  • This quiz has been taken 258 times
    251 since last reset
  • The average score is 7 of 25
Answer Stats
Q.No Question Answer % Correct
1. The most famous Mughal Emperor Akbar
93%
3. He was the founder of Mughal Empire Babur
86%
2. A landmark and symbol of India Taj Mahal
82%
9. The first Mughal Capital Agra
62%
12. He had the Mughal Empire at it's territorial peak Aurangzeb
62%
5. Mughal empire was founded in this year 1526
40%
11. The weakest Mughal ruler Humayun
38%
4. He was the last Sultan of Delhi Sultanate Ibrahim Lodi
34%
17. From where the Mughals came from Uzbekistan
30%
8. The 'Great Mughal Rule' ended in this year 1707
25%
24. Humayun became the Mughal Emperor for the second time after 15 years of exile in this year 1555
21%
21. He was the regent of Akbar Bairam Khan
20%
16. The new religion introduced by Akbar Din-i-Ilahi
18%
20. A title of the Mughal Emperors, originated from Persian Shahanshah
15%
23. Babur always wanted this city, but could never conquer it for long Samarkand
14%
18. The son of Genghis(Changez) Khan and ancestor of the Mughals Chagatai Khan
12%
7. She was Akbar's foster mother Maham Anga
10%
25. With this empire's help Humayun reconquered his Kingdom Safavid Empire
8%
6. Emperor Akbar was born here Umerkot
7%
15. The title of the Akbar's wife Jodhabai Mariam-uz-Zamani
6%
10. He gave refuge to Humayun Shah Tahmasp
6%
19. The foster brother of Akbar Adham Khan
4%
22. He was the foster father and wakil of Akbar Atgah Khan
2%
13. What were Akbar's Nine Gems called Navratans
2%
14. The title of the Emperor's mother Mariam Makani
1%
No matching quizzes found
Score Distribution
Percent of People with Each Score
Percentile by Number Answered
Your Score History
You have not taken this quiz since the last reset